Ancient History by Letter 'B' - Statistics

General Stats
  • This quiz has been taken 2,664 times
    2,634 since last reset
  • The average score is 13 of 20
Answer Stats
Hint Answer % Correct
The Christian book of worship The Bible
97%
The second letter in the Greek alphabet Beta
93%
Uncivilized tribesman, Conan; for example Barbarian
90%
He conspired senators to assassinate Julius Caesar Brutus
90%
B.C. Preceding the birth of Jesus Before Christ
85%
Modern day Baghdad, where Hammurabi was king Babylon
84%
This sea is located north of Turkey Black Sea
82%
Another name for the Eastern Roman Empire Byzantine Empire
82%
The peroid after the Neolithic Age c.3000 BC - 1000 BC Bronze Age
78%
Nontheistic religion centered around "enlightenment" Buddhism
75%
Exchanging goods for other goods (trading) Bartering
74%
This "tower" is said to explain the origin of languages Tower of Babel
72%
Roman God of wine and theatre Bacchus
70%
Celtic Queen who led the uprising in Rome in 60 AD Boudica
62%
Roman Britain, conquered by Claudius in 43 AD Britannia
44%
This board and dice game originated from Mesopotamia c.3000 BC Backgammon
39%
This "book" was said to help the Egyptians in the afterlife Book of the Dead
36%
Hannibal's last name, allegedly means "thunderbolt" Barca
29%
Horse of Alexander the Great Bucephalus
27%
These Gladiators fought beast, often to the death Bestiarii
6%
No matching quizzes found
Score Distribution
Percent of People with Each Score
Percentile by Number Answered
Your Score History
You have not taken this quiz since the last reset